Central Library OPAC University of Rajshahi

কালের মাত্রা ও রবীন্দ্র নাটক / (Record no. 44087)

MARC details
000 -LEADER
fixed length control field 00866nam a2200229 a 4500
001 - CONTROL NUMBER
control field 44087
003 - CONTROL NUMBER IDENTIFIER
rucl marc code BD-RjUL
005 - DATE AND TIME OF LATEST TRANSACTION
control field 20211209053810.0
008 - FIXED-LENGTH DATA ELEMENTS--GENERAL INFORMATION
fixed length control field 160713s1969 ii ||||| |||| 00| 0 ben d
020 ## - INTERNATIONAL STANDARD BOOK NUMBER
Terms of availability : IRs. 8.00
035 ## - SYSTEM CONTROL NUMBER
System control number (BD-RjUL)44205
040 ## - CATALOGING SOURCE
Original cataloging agency BD-RjUL
Language of cataloging ben
Transcribing agency BD-RjUL
041 ## - LANGUAGE CODE
Language code of text/sound track or separate title ben
082 ## - DEWEY DECIMAL CLASSIFICATION NUMBER
Edition number 23
Classification number 891.4414
Author mark and year GHK 1969
100 ## - MAIN ENTRY--PERSONAL NAME
Personal name ঘোষ, শঙ্খ.
9 (RLIN) 126014
245 10 - TITLE STATEMENT
Title কালের মাত্রা ও রবীন্দ্র নাটক /
Statement of responsibility, etc. শঙ্খ ঘোষ
260 ## - PUBLICATION, DISTRIBUTION, ETC. (IMPRINT)
Place of publication, distribution, etc. কলিকাতা :
Name of publisher, distributor, etc. সংস্কৃত পুস্তক ভান্ডার,
Date of publication, distribution, etc. ১৯৬৯
300 ## - PHYSICAL DESCRIPTION
Pagination ১৬৯ পৃ. ;
Size ২১ সেমি.
600 ## - SUBJECT ADDED ENTRY--PERSONAL NAME
Personal name ঠাকুর, রবীন্দ্রনাথ, ১৮৬১-১৯৪১
Personal name Tagore, Robindronathe, 1861-1941
942 ## - ADDED ENTRY ELEMENTS (KOHA)
Source of classification or shelving scheme Dewey Decimal Classification
Koha item type Books
Holdings
Lost status Source of classification or shelving scheme Damaged status Not for loan Collection code Permanent Location Current Location Shelving location Date acquired Source of acquisition Cost, normal purchase price Total Checkouts Full call number Date last seen Date checked out Copy number Koha item type
  Dewey Decimal Classification     Non-fiction Central Library, University of Rajshahi Central Library, University of Rajshahi   19/11/1979 India international, kolcutta 8.00 2 B 891.4414 GHK 1969 29/10/2024 14/10/2024 C-2 Books